MDQL
is popping MORE tags! Check the
thread
!
Quizzes
Events
Quiz Creation
Community
Videos
Private Events
Remove Ads
Sign In
Join for FREE
Feedback
Dark Mode
Quiz Categories
Sports
Geography
Music
Movies
Television
Just For Fun
Miscellaneous
History
Literature
Language
Science
Gaming
Entertainment
Religion
Holiday
For Kids
Quiz Lab
Recent
Popular Today
Quiz Kudos Today
Editor Picks
Curator Picks
Quizzes by...
Day
Popularity
Type
Ratings
Length
Year
Community
Subscriptions
Recent Discussions
Orange Saloon
Badges
Playlists
Quests
Create
Leaderboards
Showdown
Live 5
Trivia Bingo
Activity
Puzzle Library
Sporcle Events
Private Events
Virtual Trivia
Globe League
Become a Host
Pub Owners
SporcleCon
Opinionation
Our Games
Videos
Blog
Mobile Apps
Partnerships
Remove Ads and Go Orange
Feedback
Geography
Country
Landmarks
City
State
Population
World
Capital
Continent
Flags
Europe
Africa
Asia
South America
North America
Oceania
Border
Canada
United Kingdom
Topography
United States
Geography
Country
Landmarks
City
State
Population
World
Capital
Continent
Flags
Europe
Africa
Asia
South America
North America
Oceania
Border
Canada
United Kingdom
Topography
United States
Random Quiz
Search Sporcle
×
Quiz Lab
Quiz Lab
Geography
Country
Type in answers that appear in a list
Type in answers that appear in a list
Classic
Best Score? Go Orange.
Shortest Borders Stats
Countries and their Smallest Borders
By
man391
7m
50 Questions
37 Plays
37 Plays
37 Plays
Comments
Comments
Give Quiz Kudos
Give Quiz Kudos
-
- Ratings
hide this ad
More Info
Forced Order
Answers have to be entered in order
Answers have to be entered in order
Random Order
Randomize order of answers
Randomize order of answers
Replay
Link that replays current quiz
Next Quiz
Link to next quiz in quiz playlist
You Got
0%
They Got
Avg Score
56%
Avg Friend Score
Upgrade to see
Score Distribution
Jump to the score distribution portion of the page
Score
0/50
Timer
07:00
0
Plays Today
Country
Shortest Border with?
% Correct
Canada
USA
78.4%
Mongolia
Russia
78.4%
France
Monaco
73%
Ethiopia
Djibouti
73%
Peru
Chile
73%
Spain
Morocco
73%
Myanmar/
Burma
Bangladesh
70.3%
Mozambique
Swaziland
67.6%
Syria
Israel
67.6%
Saudi Arabia
Qatar
67.6%
UAE
Oman
64.9%
Kyrgyztsan
China
64.9%
Brazil
Suriname
64.9%
Austria
Liechtenstein
64.9%
Finland
Sweden
64.9%
Poland
Lithuania
64.9%
Switzerland
Liechtenstein
64.9%
Russia
North Korea
64.9%
Germany
Denmark
64.9%
Laos
Myanmar
62.2%
Turkey
Azerbaijan
62.2%
Belize
Mexico
59.5%
Ukraine
Slovakia
59.5%
Tanzania
Rwanda
59.5%
Iraq
Jordan
59.5%
Country
Shortest Border with?
% Correct
Romania
Hungary
56.8%
Angola
Republic of the Congo
56.8%
Serbia
Macedonia
56.8%
Estonia
Russia
56.8%
Italy
Vatican City
56.8%
Libya
Niger
54.1%
Sudan
Libya
51.4%
Democratic Republic of the Congo
Rwanda
51.4%
Zambia
Botswana
48.6%
Uganda
Rwanda
48.6%
South Africa
Zimbabwe
45.9%
Mali
Senegal
45.9%
Iran
Armenia
45.9%
Guinea
Senegal
45.9%
Burkina Faso
Togo
45.9%
Central African Republic
Republic of the Congo
43.2%
Slovakia
Austria
43.2%
Hungary
Slovenia
43.2%
Cameroon
Equatorial Guinea
40.5%
Chad
Nigeria
40.5%
Uzbekistan
Afghanistan
40.5%
Niger
Benin
40.5%
India
Sri Lanka
37.8%
South Sudan
Kenya
35.1%
Algeria
Mauritania
32.4%
Quiz Playlist
Details
Report
Send in Message
Add To Playlist
More Info:
Name the country that has the smallest border with the given country.
Classic:
Type in answers that appear in a list
Forced Order:
Answers have to be entered in order
Random Order:
Randomize order of answers
Last Updated: Feb 16, 2017
Quiz Scoreboard
CHALLENGE
Sign Up to Join the Scoreboard
Show All
Scores
Hide
Comments
May contain spoilers
Recently Published
Two Season TV Shows II
by 123Four
Television
10m
Image Sorting: Flags VI
by Barbecue
Geography
2m
Find the 'City' Movie
by crazypaving
Movies
60s
More to Explore
Quiz From the Vault
Featured Blog Post
14 Easter Pick-up Lines to Find Eggs With
hide this ad
You Might Also Like...
Tags
Border Quiz
Country Quiz
shortest
smallest
Today's Top Quizzes in Geography
Browse Geography
hide this ad
Today's Top Quizzes in Country
Browse Country
Top Contributed Quizzes in Geography
1
Colored Red Europe Blitz I
2
Countries of the World - No Outlines Minefield
3
Colored Red Africa Blitz II
4
Colored Red Europe Blitz II
5
Colored Red Europe Blitz III
6
Colored Red Africa Blitz III
7
Colored Red States Blitz I
8
Colored Red States Blitz II
9
A Different View: World Oceans
10
Colored Red States Blitz III
Explore More
Trending Topics
Kpop
Anime
NBA
Disney
Harry Potter
Crossword
Marvel
Country
Soccer
The Office
Pokémon
Puzzle
WWE
NFL
Song
hide this ad
More By:
man391
Quiz
Plays
Rating
Category
Featured
Created
Shortest Borders
37
4.00
Geography
Jan 20, 2014
Go to Creator's Profile
Score Distribution
Quiz Creator Spotlight
man391
Follow
Send a Message
Quizzes Created
-
Created Quiz Play Count
-
More By This Creator
Popular Quizzes Today
1
Find the US States - No Outlines Minefield
2
Colored Red Africa Blitz
3
Find the 'City' Movie
4
5x2 Blitz: Bands
5
The Countries of the World
6
Find the Countries of Europe - No Outlines Minefield
7
Find the US States
8
US States
More Geography Quizzes
ABC Islands
Published
Trending Quizzes
Colored Red Europe Blitz I
Colored Red Africa Blitz II
Colored Red Europe Blitz II
Even More Two Season TV Shows
Colored Red Africa Blitz III
Recently Updated
March Madness Men's Triple Doubles
pecheneg
How Do You Spell That?
pecheneg
Godzilla Movies
pecheneg
Grab Bag: 4-10 Letters
pecheneg
2024 March Madness Bracket
pecheneg
Famous TV Couples
Peacemaker
Champions League XIs: Real Madrid
pecheneg
Largest US Cities 1790-2010
pecheneg
Rides in Walt Disney World
pecheneg
Most Oscar Losses (Acting)
pecheneg
Trending Topics
Kpop
NBA
Disney
Harry Potter
Marvel
Anime
Crossword
NFL
Country
Song
The Office
Pokémon
WWE
Puzzle
Soccer
Your Account Isn't Verified!
In order to create a playlist on Sporcle, you need to verify the email address you used during registration. Go to your
Sporcle Settings
to finish the process.
Report this User
Report this user for behavior that violates our
Community Guidelines
.
Details:
Send Report
Go to the Sporcle.com Mobile Site →
Comments